Представление документа в формате MARC21

Поле Инд. ПП Название Значение
Тип записи a
Библиографический уровень a
001 Контрольный номер RU/IS/BASE/264538537
005 Дата корректировки 20231225152904.1
008 Кодируемые данные 19961216
040 00 e Правила каталог. Т 961216
084 a Индекс другой классификации/Индекс ББК 63.3(0)32
090 00 a Полочн. индекс 63.3(0)3я43
x Авторский знак В 387
097 00 a 230
100 10 a Автор Еремян С. Т.
245 00 a Заглавие Торговые пути Закавказья в эпоху Сасанидов
b Продолж. заглавия По Tabula Peutingeriana
600 14 a Персоналии Птолемей
650 04 a Основная рубрика история
653 00 a Ключевые слова античный мир
a Ключевые слова Армения
a Ключевые слова древний мир
a Ключевые слова Закавказье
a Ключевые слова историческая география
a Ключевые слова карты
a Ключевые слова населенные пункты
a Ключевые слова расшифровка
a Ключевые слова Сасанидов государство
a Ключевые слова торговля
a Ключевые слова торговые пути
773 00 d Дата издания источника Москва, 1939
g Прочая информация Т.1(6), 2(7). - С. 79-97
t Заглавие источника Вестник древней истории
w Контрольный № источника RU/IS/BASE/101818628
901 t Тип документа a